01647nam a2200397Ia 4500001000700000003000500007008004100012010001100053020002200064040000900086082002000095110005600115245016400171260013100335300001600466500007700482503002100559504005100580650005400631650004100685650004000726650004000766650003900806650004700845700004500892700005100937700004000988710005601028901002001084902000601104910000901110942000601119942000701125999001901132952009801151Z_6414CHAP220113s2010 xx 000 0 und d a169672 a978-607-422-098-8 cCHAP a634.9725 2 U246 aUniversidad Autonoma del Estado de México9116362 aLosbosques y selvas del Estado de México /ccompiladores Gabino Nava Bernal, Héctor Hugo Regil García ...[et. al.]; fotografía Ángel Endara Agramont aMéxico :b Universidad Autónoma del Estado de México :,bInstituto de Ciencias Agropecuarias y Rurales (ICAR),c2010 axvi, 144 p. aImagen de portada: Los tres reyes magos, suroeste del Estado de México aej.1: Donación aBibliografía: p. 117 - 122, incluye índice aBosques xx InventariosxMéxico (Edo.)9144700 aBosques xx México (Edo.)9144701 aBosques xx Preservación9144702 aBosques xx Regeneración9144703 aSelvas xx Mexico (Edo.) 9144704 aSilvicultura xx México (Edo.) 9144705 a Endara Agramont, Ángel, fot.9144706 a Regil García, Héctor Hugo, comp. 9144707 aNava Bernal, Gabino, comp. 9144708 aUniversidad Autonoma del Estado de México9116362 a634.9725 2 U246 aM a2010 c1 cc1 c169672d169672 00102ddc40708GRALaZbZc1d2014-03-06pz_6221r2022-01-18 00:00:00t1w2022-01-18yLIBRO